[Event "Schleswig Holstein-ch U18 MT"]
[White "Reinelt, Tilman"]
[Black "Johannsen, Merten"]
[Site "Neumuenster"]
[Round "8"]
[Result "1-0"]
[Date "2005.03.23"]
[WhiteElo "1813"]
[BlackElo "1567"]
[PlyCount "63"]
[EventDate "2005.03.19"]
[EventType "tourn"]
[EventRounds "9"]
[EventCountry "GER"]
[SourceTitle "EXT 2007"]
[Source "ChessBase"]
[SourceDate "2006.11.23"]
[SourceVersion "1"]
[SourceVersionDate "2006.11.23"]
[SourceQuality "1"]

1. e4 e5 2. Nf3 Nc6 3. d4 exd4 4. Nxd4 Bc5 5. Be3 Bb6 6. Bc4 d6 7. 0-0 Nf6 8. Nc3 0-0 9. f3 Nxd4 10. Bxd4 Be6 11. Be2 Qe7 12. Re1 Rad8 13. Nd5 Bxd5 14. Bxb6 axb6 15. exd5 Qe5 16. c3 Qxd5 17. Qxd5 Nxd5 18. Bc4 Nf6 19. Re7 Rd7 20. Rae1 c6 21. Bb3 d5 22. c4 d4 23. Bc2 c5 24. Rxd7 Nxd7 25. Re7 Rd8 26. Ba4 b5 27. Bxb5 Nb6 28. Kf2 Rb8 29. Rc7 Rd8 30. Rxb7 d3 31. Rxb6 d2 32. Ba4 1-0

[Event "Schleswig Holstein-ch U18 MT"]
[White "Johannsen, Merten"]
[Black "Henniges, Malte"]
[Site "Neumuenster"]
[Round "4"]
[Result "0-1"]
[Date "2005.03.21"]
[WhiteElo "1567"]
[BlackElo "1538"]
[PlyCount "59"]
[EventDate "2005.03.19"]
[EventType "tourn"]
[EventRounds "9"]
[EventCountry "GER"]
[SourceTitle "EXT 2007"]
[Source "ChessBase"]
[SourceDate "2006.11.23"]
[SourceVersion "1"]
[SourceVersionDate "2006.11.23"]
[SourceQuality "1"]

1. e4 e6 2. d4 d5 3. e5 c5 4. c3 Nc6 5. Nf3 Qb6 6. Be2 Nh6 7. b3 Nf5 8. Bb2 cxd4 9. cxd4 Bb4+ 10. Kf1 0-0 11. g4 Nh6 12. Qd3 f6 13. g5 fxe5 14. Nh4 e4 15. Qg3 Nf5 16. Nxf5 Rxf5 17. Bg4 Rf8 18. h4 Nxd4 19. h5 Bd6 20. Qh4 Nc2 21. h6 g6 22. Bh5 gxh5 23. g6 Qxf2+ 24. Qxf2 Rxf2+ 25. Kxf2 Nxa1 26. Bxa1 hxg6 27. Ke3 Bd7 28. Bd4 e5 29. Bb2 Rf8 30. Nc3 0-1

[Event "Schleswig Holstein-ch U18 MT"]
[White "Simon, Christopher"]
[Black "Johannsen, Merten"]
[Site "Neumuenster"]
[Round "3"]
[Result "1-0"]
[Date "2005.03.20"]
[WhiteElo "1934"]
[BlackElo "1567"]
[PlyCount "33"]
[EventDate "2005.03.19"]
[EventType "tourn"]
[EventRounds "9"]
[EventCountry "GER"]
[SourceTitle "EXT 2007"]
[Source "ChessBase"]
[SourceDate "2006.11.23"]
[SourceVersion "1"]
[SourceVersionDate "2006.11.23"]
[SourceQuality "1"]

1. e4 e5 2. Nf3 Nc6 3. Bc4 Bc5 4. c3 Qe7 5. 0-0 d6 6. d4 Bb6 7. h3 Bd7 8. Re1 Nf6 9. dxe5 dxe5 10. Qe2 h6 11. Nbd2 0-0 12. Bd5 a6 13. Nc4 Be6 14. Bxc6 Bxc4 15. Qxc4 bxc6 16. Qxc6 Rad8 17. Nh4 1-0